Statistics for Country by Company #1

Click here to take the quiz!

General Stats

  • This quiz has been taken 26 times
  • The average score is 8 of 15

Answer Stats

HintAnswer% Correct
IKEASweden
92%
McDonald'sUnited States
92%
LegoDenmark
76%
GuinnessIreland
76%
CoronaMexico
72%
AmstelThe Netherlands
72%
SmirnoffRussia
68%
Al JazeeraQatar
56%
Anheuser-Busch InBevBelgium
52%
CarlsbergDenmark
52%
Grey GooseFrance
32%
TousSpain
32%
Carling BreweryCanada
28%
LukoilRussia
24%
Absolut VodkaSweden
24%

Score Distribution

Percentile by Number Answered

Percent of People with Each Score

Your Score History

You have not taken this quiz